000 01045nam a22002897a 4500
005 20251108170808.0
008 250721s1990 xx 000 0 ara d
020 _a9774900731
082 1 4 _aط/ق/قاس
100 1 _aقاسم، محمود
_eTran.
245 1 0 _aانتهى الدرس يا تشارلي. خفايا كوكب القرود. الهروب من نيويورك. أسطورة الرجل الخفي. العملية الشيطانية /
264 1 _aالقاهرة :
_bنهضة مصر،
_c1990.
300 _a135ص.
490 0 _aأجمل حكايات الدنيا : حكايات الخيال العلمي
_v4
650 1 7 _aالاطفال
650 1 7 _aالقصص
653 _a(سنة 14-10) ناشئون صغار
653 _aالقصص المترجمة
700 1 _aعمران، جلال
_eCart.
700 1 _aكيزي، دانييل
700 1 _aبول، بيير
700 1 _aكارنتير، جون
700 1 _aويلز، ه.ج
700 1 _aأبلي، دافيد
942 _2ddc
_cBK
999 _c49160
_d49160